01673nam a2200457 i 45000010005000000030009000050050017000140080039000310150017000700200015000870200015001020350023001170350036001400350014001760350021001900350023002110350044002340400028002780410008003060460009003140800010003230800012003332450299003452600055006443000044006993360027007433370056007703380028008263800016008543800023008703880014008933880014009075040036009216500019009576550014009766580028009907000028010187000032010467100040010788560097011184650KOSZ 00520190725105831.0970629s1991 pl a f |001 0 pol aPB 1991/8593 a8320411068 a8320411319 a991002059249705066 a(PL-WaBN)b1057363x-48omnis_nlop ab1057363x a(OCoLC)830076608 a(PL)b0000001057363 a(EXLNZ-48OMNIS_NETWORK)9910386882405606 aWA NcWA NdKOSZ 005/EG apol k1991 a621.9 a(083.1)10aPoradnik inżyniera :bobróbka skrawaniem.nT. 1,pKompleksowe ujęcie procesu skrawania, optymalizacja parametrów skrawania, charakterystyka technologiczna obrabiarek, poszczególne sposoby i odmiany obróbki skrawaniem /c[aut. t. 1 Jerzy Górniak et al. ; red. t. Elżbieta Kłos]. aWarszawa :bWydawnictwa Naukowo-Techniczne,c1991. aX, [2], 896 s. :brys., wykr. ;c25 cm. 2rdacontentaTekstbtxt 2rdacarrieraBez urządzenia pośredniczącegobn 2rdacarrieraWoluminbnc aKsiążki aPublikacje fachowe a1901-2000 a1989-2000 aBibliogr. przy rozdz. - Indeks. 7aSkrawanie2DBN aPoradniki aInżynieria i technika1 aGórniak, JerzyeAutor1 aKłos, ElżbietaeRedakcja2 aWydawnictwa Naukowo-Techniczne4pbl uhttp://koha.tu.koszalin.pl/cgi-bin/koha/opac-detail.pl?biblionumber=4650yKatalog online BPK